00480nam a2200193Ia 4500003000400000005001700004008004100021020001800062040000700080041001200087082001700099100001300116245004200129260004000171300001500211365001300226650003100239650001600270OSt20251023191548.0210423s2011 xx 000 0 und d a9788131604458 cAL aEnglish a361.3 bGORS aGore M S aSocial work and social work education aNew DelhibRawat Publicationsc2011 aix,182bPB b475cINR aSocial Problems & Services aSocial Work